000 00655nam a2200241Ia 4500
003 OSt
005 20221005114148.0
006 a|||||r|||| 00| 0
007 ta
008 221004b |||||||| |||| 00| 0 eng d
024 _a67318
037 _cTextual
040 _aCRL
_cCRL
_beng
041 _2eng
_aeng
082 _aV41:1M9, E4
100 _aBackhouse E
_9625556
245 0 _aAnnals and memoirs of the court of Peking
_b From the 16th to the 20th century
260 _c1914
650 _aHISTORY
700 _a Bland J O P
_9625557
942 _hV41:1M9, E4
_cTEXL
_2cc
999 _c1030435
_d1030435